[Event "Ostrava"]
[Site "Ostrava"]
[Date "1993.??.??"]
[Round "?"]
[White "Sher, Miron Naumovich"]
[Black "Vokac, Marek"]
[Result "0-1"]
[WhiteElo "2535"]
[BlackElo "2465"]
[Annotator "Bulletin"]
[PlyCount "86"]
[EventDate "1993.09.??"]
[EventType "tourn"]
[EventRounds "9"]
[EventCountry "CZE"]
[EventCategory "10"]
[SourceTitle "CBM 038"]
[Source "ChessBase"]
[SourceDate "1994.02.01"]
[SourceVersion "1"]
[SourceVersionDate "1994.02.01"]
[SourceQuality "1"]

1. c4 g6 2. d4 Bg7 3. Nc3 c5 4. d5 f5 5. g3 d6 6. Bg2 Bxc3+ 7. bxc3 Nf6 8. Nh3
Qa5 9. Qb3 Nbd7 10. Nf4 Nb6 11. Ne6 Rb8 12. O-O Bd7 13. a4 Kf7 14. Bd2 (14.
Ng5+ Kg7 15. e4 (15. Ne6+ Bxe6 16. dxe6 Qa6 17. Bg5 Qxc4 18. Qxc4 Nxc4 19. a5
h6) 15... h6) 14... Qa6 15. a5 Qxc4 16. Rfb1 Qxb3 17. Rxb3 Nbxd5 18. Ng5+ Kg7
19. c4 Nc7 20. Rab1 $2 (20. Bxb7 Nb5 (20... e5 21. Rab1 h6 22. Nf3 e4 23. Ne1))
20... b6 21. axb6 axb6 22. Rxb6 Rxb6 23. Rxb6 h6 24. Rb7 Rc8 25. Nh3 Ne6 26.
Bc3 Rc7 27. Rb2 Ra7 28. Bd5 g5 29. f4 Kg6 30. fxg5 (30. Rb8 g4 31. Bxf6 Kxf6
32. Nf2) 30... hxg5 31. Bd2 g4 $1 32. Nf4+ (32. Bxe6 gxh3 33. Bxd7 Ra1+ 34. Be1
Rxe1+ 35. Kf2 Rh1 36. Bc6 Ng4+ 37. Kf3 Rf1#) 32... Nxf4 33. Bxf4 Be8 $1 34. Be6
Bf7 35. Bxf7+ Kxf7 36. Kg2 Ra4 37. Rc2 Ne4 38. Bc1 e5 39. h3 gxh3+ 40. Kxh3 Ke6
41. e3 Ra8 42. Bd2 Nxd2 43. Rxd2 Ra3 0-1

[Event "Hoogovens"]
[Site "Wijk aan Zee"]
[Date "1977.01.22"]
[Round "7"]
[White "Sosonko, Gennadi"]
[Black "Bohm, Hans"]
[Result "1/2-1/2"]
[WhiteElo "2530"]
[BlackElo "2445"]
[Annotator "Bulletin"]
[PlyCount "108"]
[EventDate "1977.01.14"]
[EventType "tourn"]
[EventRounds "11"]
[EventCountry "NED"]
[EventCategory "11"]
[SourceTitle "MCL"]
[Source "ChessBase"]
[SourceDate "1999.07.01"]
[SourceVersion "1"]
[SourceVersionDate "1999.07.01"]
[SourceQuality "1"]

1. d4 e6 2. c4 b6 3. e4 Bb7 4. f3 Bb4+ 5. Bd2 Qh4+ 6. g3 Bxd2+ 7. Qxd2 Qh6 8.
Nc3 (8. Qf2) 8... Qxd2+ 9. Kxd2 d6 10. Bd3 Ne7 11. f4 $1 Na6 12. Nf3 f6 13. a3
$6 (13. Rhe1) 13... O-O-O 14. b4 $6 (14. Rhe1) 14... c5 $1 15. Rab1 $2 h6 16.
d5 $6 (16. h4) 16... Nc7 17. dxe6 Nxe6 18. b5 Rde8 19. Rhe1 $6 g5 20. Nd5 gxf4
21. Nxf6 Ref8 22. Nd5 Nxd5 $2 (22... Ng6 23. Rf1 Ng5 24. gxf4 Nxf4 $10) 23.
exd5 Ng5 24. Nh4 $1 fxg3 25. hxg3 Kd8 26. Kc3 $6 (26. Rf1 $1) 26... Rf6 27. Rf1
Rhf8 28. Nf5 Re8 $2 (28... Nf7) 29. Rbe1 Bc8 30. Rxe8+ Kxe8 31. Re1+ Kd8 32.
Ne7 Bd7 33. Nc6+ Bxc6 $2 (33... Kc7 $5 34. Re7 Rf3 35. Nxa7 Rxg3 36. a4 $10)
34. bxc6 Nf7 35. Rf1 $1 Rxf1 36. Bxf1 Ne5 37. Kd2 Ng4 38. Be2 Nf6 39. Ke3 Ne8
40. Kf4 Ng7 41. Bd3 a6 42. a4 Ne8 43. Kf5 Nc7 44. g4 b5 45. axb5 $4 axb5 46.
Kg6 (46. cxb5 Nxd5 47. Ke6 Nf4+ 48. Kxd6 Nxd3 49. b6 Kc8 50. b7+ Kb8 51. Kd7
Ne5+ $1 $19) 46... bxc4 47. Bxc4 Na8 48. Kxh6 Nb6 49. Ba2 c4 50. g5 c3 51. Bb1
Nxd5 52. g6 Ne7 53. Kg5 Kc7 54. Kf6 Nxg6 1/2-1/2

[Event "BCF-ch 82nd"]
[Site "Swansea"]
[Date "1995.??.??"]
[Round "11"]
[White "Summerscale, Aaron"]
[Black "Ward, Christopher"]
[Result "1-0"]
[WhiteElo "2455"]
[BlackElo "2500"]
[Annotator "Bulletin"]
[PlyCount "137"]
[EventDate "1995.08.??"]
[EventType "swiss"]
[EventRounds "11"]
[EventCountry "WLS"]
[SourceTitle "EXT 1997"]
[Source "ChessBase"]
[SourceDate "1996.11.15"]
[SourceVersion "1"]
[SourceVersionDate "1996.11.15"]
[SourceQuality "1"]

1. d4 e6 2. c4 Bb4+ 3. Bd2 a5 4. e4 d5 5. a3 Bxd2+ 6. Nxd2 dxe4 7. Nxe4 Nf6 8.
Nc3 O-O 9. Nf3 b6 10. Be2 Bb7 11. O-O Nbd7 12. Re1 Ne4 13. Nxe4 Bxe4 14. Bd3
Bxd3 15. Qxd3 a4 16. Rad1 Ra5 17. Qe4 Nf6 18. Qb7 Qc8 19. Qc6 Qd7 20. Qb7 Qc8
21. Qc6 Qd7 22. Qxd7 Nxd7 23. d5 exd5 24. Re7 Nf6 25. Rxc7 h6 26. Ne5 dxc4 27.
Nxc4 Rd5 28. Rxd5 Nxd5 29. Rd7 Nf6 30. Rd4 Rc8 31. Kf1 b5 32. Ne3 Rc5 33. Rd8+
Kh7 34. Ke2 Kg6 35. Kd3 h5 36. h3 h4 37. Kd4 Rc7 38. Rd6 Re7 39. Nd5 Re4+ 40.
Kc5 Re5 41. Kc6 (41. Kxb5 $5 Rxd5+ 42. Rxd5 Nxd5 43. Kxa4 {is interesting.})
41... Rg5 42. Ne3 Re5 43. Rd4 Ne4 44. Ng4 Re6+ 45. Kxb5 f5 46. Nh2 Nxf2 47. Rd2
Ne4 48. Rc2 Kf6 49. Kxa4 g5 50. b4 Ke5 51. b5 Kf4 52. Kb4 g4 53. a4 gxh3 54.
gxh3 Rd6 55. Ka5 Rd1 56. b6 Kg3 57. Ka6 Nd6 58. a5 f4 59. Ka7 f3 60. Nxf3 Kxf3
61. Rc6 $1 Rd5 {[#]} 62. Rxd6 Rxa5+ 63. Kb8 Ra3 64. b7 Kg2 65. Kc7 Rc3+ 66. Rc6
Rb3 67. Rb6 Rc3+ 68. Kd7 Rd3+ 69. Ke7 1-0

[Event "Ljubljana op 9th"]
[Site "Ljubljana"]
[Date "1998.??.??"]
[Round "3"]
[White "Scekic, Milos"]
[Black "Lazovic, Gordan"]
[Result "1/2-1/2"]
[WhiteElo "2430"]
[BlackElo "2305"]
[Annotator "Bulletin"]
[PlyCount "74"]
[EventDate "1998.06.??"]
[EventType "swiss"]
[EventRounds "9"]
[EventCountry "SLO"]
[SourceTitle "EXT 1999"]
[Source "ChessBase"]
[SourceDate "1998.11.16"]
[SourceVersion "1"]
[SourceVersionDate "1998.11.16"]
[SourceQuality "1"]

1. d4 Nc6 2. d5 Ne5 3. f4 Ng6 4. f5 $5 Ne5 5. Bf4 d6 6. e4 Nf6 7. Bxe5 dxe5 8.
Bb5+ Bd7 (8... Nd7 9. Nf3 f6 10. Nxe5 fxe5 11. Qh5+ g6 12. fxg6 $18) 9. Qe2 $1
c6 10. dxc6 bxc6 $5 (10... Bxc6 11. Bxc6+ bxc6 12. Nd2 $16) 11. Bc4 g6 12. Nf3
Bh6 $8 13. Nbd2 (13. Nxe5 $2 Qa5+) (13. O-O Qb6+ 14. Kh1 Qxb2 {/\Qc2}) 13...
Ng4 (13... Bxd2+ 14. Nxd2 gxf5 15. exf5 Bxf5 $44) 14. Bb3 (14. h3 Ne3 $1 15.
Nxe5 Nxc2+ 16. Kf2 (16. Kd1 Ne3+ {/\Nc4}) 16... Nxa1 17. Nxf7) 14... gxf5 15.
h3 Ne3 16. Nxe5 Bf4 (16... Qc7 $6 17. Nxf7 Qg3+ 18. Qf2 Nxg2+ 19. Kf1 Qxf2+ (
19... Ne3+ 20. Ke2 $18) 20. Kxf2 Bxd2 21. Nxh8 Nf4 22. Rad1 $18) 17. Qh5 $8 Be6
(17... O-O 18. Nxf7 Bg3+ 19. Ke2 $18) 18. Bxe6 Nxg2+ 19. Kf1 $8 Qxd2 20. Qxf7+
(20. Nc4 Ne3+ 21. Nxe3 Bxe3 22. Bxf7+ Kf8 23. Qxf5 Kg7 24. e5 $13) 20... Kd8
21. Nxc6+ Kc7 22. Qxe7+ Kxc6 23. Bd5+ $1 Kb6 (23... Kb5 24. a4+ $1 $18) 24.
Qb7+ (24. Qf6+ Kc5 $8 (24... Kc7 25. Qc6+ $18) 25. b4+ $1 Qxb4 26. Qc6+ Kd4 27.
c3+ Qxc3 28. Rd1+ Bd2 $1 29. Qxc3+ (29. Kxg2 $2 Rhg8+) (29. Ke2 Nf4+) 29...
Kxc3 30. Kxg2 Rad8 $11) 24... Kc5 25. Qc6+ (25. b4+ Qxb4 (25... Kd4 26. Qg7+
$18) 26. Qxb4+ Kxb4 27. Kxg2 (27. Bxa8 Ne3+ $1 $11) 27... Rad8 28. Rab1+ Kc3
$11) 25... Kd4 26. Qc3+ (26. c3+ $2 Ke3) 26... Qxc3 27. bxc3+ Kxc3 28. Kxg2
Rad8 $11 29. Rhf1 fxe4 30. Bxe4 Be5 31. Rad1 Rhg8+ 32. Kh1 Rxd1 33. Rxd1 Rg3
34. Bf5 h6 35. Rd5 Bf4 36. a4 Rg5 37. Be6 Rxd5 1/2-1/2

[Event "SUI-ch int"]
[Site "Arosa"]
[Date "1996.07.10"]
[Round "3"]
[White "Zueger, Beat"]
[Black "Karlsson, Lars"]
[Result "1-0"]
[WhiteElo "2460"]
[BlackElo "2470"]
[Annotator "Bulletin"]
[PlyCount "79"]
[EventDate "1996.07.08"]
[EventType "tourn"]
[EventRounds "11"]
[EventCountry "SUI"]
[EventCategory "9"]
[SourceTitle "EXT 2006"]
[Source "ChessBase"]
[SourceDate "2005.11.24"]
[SourceVersion "1"]
[SourceVersionDate "2005.11.24"]
[SourceQuality "1"]

1. Nf3 b5 $6 2. e4 Bb7 3. Bxb5 Bxe4 4. O-O Nf6 5. d4 e6 6. c4 Be7 7. Nc3 Bb7 8.
Qe2 O-O 9. Rd1 d6 10. Bg5 c6 11. Ba4 Nbd7 12. c5 Qa5 13. b4 $1 Qc7 (13... Qxb4
14. Rab1 Qxc3 15. Rxb7 $18) 14. Rac1 Rfe8 15. Bf4 a6 16. a3 Qb8 17. h3 Bf8 18.
cxd6 Bxd6 19. Bxd6 Qxd6 20. Ne5 Nb6 21. Qf3 Nxa4 22. Nxa4 Ra7 23. Nc5 Ba8 24.
Qd3 Nd5 25. g3 f6 26. Nc4 Qd8 27. Re1 Qb8 28. Rxe6 Rxe6 29. Nxe6 Qc8 30. Nc5
Re7 31. Kg2 h5 32. Nd6 Qd8 33. Nf5 Re8 34. Qf3 g6 35. Nh4 Kg7 36. Qd3 f5 37.
Nf3 h4 38. Re1 hxg3 39. fxg3 Rxe1 40. Nxe1 {time} 1-0

[Event "Zonal Randers Preliminaries B"]
[Site "Randers"]
[Date "1982.??.??"]
[Round "9"]
[White "Hoelzl, Franz"]
[Black "Karlsson, Lars"]
[Result "0-1"]
[WhiteElo "2405"]
[BlackElo "2500"]
[Annotator "Bulletin"]
[PlyCount "80"]
[EventDate "1982.01.09"]
[EventType "tourn"]
[EventRounds "11"]
[EventCountry "DEN"]
[EventCategory "7"]
[SourceTitle "MCL"]
[Source "ChessBase"]
[SourceDate "1999.07.01"]
[SourceVersion "1"]
[SourceVersionDate "1999.07.01"]
[SourceQuality "1"]

1. c4 c5 2. Nf3 g6 3. d4 Bg7 4. e4 Nc6 5. d5 Nd4 6. Nxd4 Bxd4 7. Bd3 d6 8. O-O
Nf6 9. Qc2 O-O 10. Bh6 Re8 11. Nc3 Ng4 12. Bg5 Bg7 13. Rae1 h6 14. Bd2 Be5 15.
g3 Bg7 16. f4 (16. h3 {/\ e5}) 16... e5 17. f5 Bd7 18. Qc1 Kh7 19. Be2 Nf6 20.
g4 Ng8 21. fxg6+ (21. g5 $5 hxg5 22. Bxg5 f6 23. fxg6+) 21... fxg6 22. Rf7 Rf8
23. Ref1 Rxf7 24. Rxf7 Qe8 25. Qf1 a6 26. a4 b6 27. b3 Ra7 28. Kg2 Rb7 29. Kg3
Bc8 30. Rf2 g5 31. Nd1 Ne7 32. h4 gxh4+ 33. Kxh4 Ng6+ 34. Kg3 Nf4 35. Ne3 Qg6
36. Nf5 Bxf5 37. exf5 Qg5 38. Qh1 Bf6 39. Rh2 Rg7 40. Kf3 Qxg4+ 0-1

[Event "Oberliga Bayern 9495"]
[Site "Bayern"]
[Date "1994.??.??"]
[Round "?.1"]
[White "Kostic, Vladimir G"]
[Black "Wockenfuss, Klaus"]
[Result "1-0"]
[WhiteElo "2405"]
[BlackElo "2320"]
[Annotator "Bulletin"]
[PlyCount "69"]
[EventDate "1994.10.09"]
[EventType "team-tourn"]
[EventRounds "9"]
[EventCountry "GER"]
[SourceTitle "EXT 1999"]
[Source "ChessBase"]
[SourceDate "1998.11.16"]
[SourceVersion "1"]
[SourceVersionDate "1998.11.16"]
[SourceQuality "1"]
[WhiteTeam "Pang/Rosenheim SG"]
[BlackTeam "Milbertshofen (SG Schwabing)"]
[WhiteTeamCountry "GER"]
[BlackTeamCountry "GER"]

1. d4 b6 2. c4 e6 3. Nf3 Bb7 4. g3 Bxf3 5. exf3 d5 6. Bg2 Bb4+ 7. Kf1 Be7 8.
Nc3 Nf6 9. Bf4 O-O 10. cxd5 Nxd5 11. Nxd5 exd5 12. Rc1 Bd6 13. Be3 Re8 14. Qb3
c6 15. h4 a5 16. a3 Ra7 17. Bh3 Rae7 18. Kg2 Qc7 19. Rhe1 g6 20. h5 f5 21. hxg6
hxg6 22. Qd3 Qd7 23. Bd2 Rxe1 24. Bxe1 Kg7 25. Bd2 Qe7 26. Re1 Qf7 27. Rh1 Rh8
28. Bg5 Qd7 29. g4 fxg4 30. Bxg4 Qf7 (30... Qe8 $142) 31. Rxh8 Kxh8 32. Qe3 Kg7
33. Be6 Qe8 34. f4 Nd7 (34... Qh8 35. Bg4 Qg8 36. Qh3 $18) 35. Qh3 1-0

[Event "Lopota FIDE GP (Women)"]
[Site "Lopota"]
[Date "2014.06.26"]
[Round "7"]
[White "Harika, Dronavalli"]
[Black "Zhao, Xue"]
[Result "1/2-1/2"]
[WhiteElo "2503"]
[BlackElo "2538"]
[Annotator "CB"]
[PlyCount "108"]
[EventDate "2014.06.19"]
[EventType "tourn"]
[EventRounds "11"]
[EventCountry "GEO"]
[EventCategory "11"]
[SourceTitle "CBM 161 Extra"]
[Source "ChessBase"]
[SourceDate "2014.08.29"]
[SourceVersion "1"]
[SourceVersionDate "2014.08.29"]
[SourceQuality "1"]

{Zhao Xue opened the game with 1.Nf4 b5!?, a speculative move at best. That
being said the game did follow the Kramnik-Carlsen game from 2011... granted
it was a rapid. At some point the Indian player must have made a mistake
because by move 15 it was clear that Zhao Xue had enough pressure on the c4
pawn to maybe even claim a slight advantage. The Chinese player had no
problems taking this pawn for free and it seemed that she was cruising to
victory, but her technique let her down. She played rather passively but
always hanging on to her extra pawn. The mistake came late in the game when
she played the inexplicable 41...g5? which allowed her opponent to threaten
checkmate on g7 forcing Zhao Xue to give a perpetual. 41...e5 would have won
the queen endgame without problems.} 1. Nf3 b5 2. e4 Bb7 3. Bxb5 Bxe4 4. d4 e6
5. O-O Nf6 6. c4 Be7 7. Nc3 Bb7 8. Ba4 O-O 9. Bg5 a5 10. a3 Ba6 11. Qd3 d5 12.
Ne5 Nfd7 13. Bxe7 Qxe7 14. Bc2 g6 15. b3 Nxe5 16. dxe5 Nd7 17. Rfe1 Rfd8 18.
Qg3 dxc4 19. bxc4 Bxc4 20. h4 Nc5 21. h5 Bd3 22. Rac1 Rab8 23. Re3 Bxc2 24.
Rxc2 Rd4 25. Rc1 Rbd8 26. hxg6 hxg6 27. Ne2 Rd1+ 28. Rxd1 Rxd1+ 29. Kh2 Nd7 30.
Nf4 Nf8 31. Nh5 Nh7 32. Qg4 Ra1 33. Rb3 Qf8 34. a4 Ra3 35. Rxa3 Qxa3 36. Nf6+
Nxf6 37. exf6 Qd3 38. Qh4 Qd5 39. g4 Qe5+ 40. Kg1 Qf4 41. Kg2 g5 $2 (41... e5
$1 $19) 42. Qh6 Qe4+ 43. Kg3 Qf4+ (43... Qg6 {was Zhao Xue's original idea,
but it is not good enough.} 44. Qxg6+ fxg6 45. f4 gxf4+ 46. Kxf4 {and the
endgame is drawn as Black can never bring the king closer to her extra pawns.})
44. Kg2 Qxg4+ 45. Kf1 Qd1+ 46. Kg2 Qd5+ 47. Kg1 Qd1+ 48. Kg2 Qg4+ 49. Kf1 Qc4+
50. Kg1 Qc1+ 51. Kg2 Qc6+ 52. Kg1 Qc1+ 53. Kg2 Qc6+ 54. Kg1 Qc1+ 1/2-1/2

[Event "Montreal International"]
[Site "Montreal"]
[Date "1979.05.02"]
[Round "16"]
[White "Larsen, Bent"]
[Black "Timman, Jan H"]
[Result "1/2-1/2"]
[WhiteElo "2620"]
[BlackElo "2625"]
[Annotator "ChessBase"]
[PlyCount "122"]
[EventDate "1979.04.11"]
[EventType "tourn"]
[EventRounds "18"]
[EventCountry "CAN"]
[EventCategory "15"]
[SourceTitle "MCL"]
[Source "ChessBase"]
[SourceDate "1999.07.01"]
[SourceVersion "1"]
[SourceVersionDate "1999.07.01"]
[SourceQuality "1"]

1. c4 e6 2. Nc3 b6 3. d4 Bb4 (3... Bb7) 4. Qd3 {unusual} Nf6 (4... Bb7 5. Qg3
$5 Nf6 6. Qxg7 Rg8 7. Qh6 Rxg2 8. Bxg2 Bxg2 9. Bg5 Be7 10. Qg7 $1 $18) 5. e4 c5
6. dxc5 $6 (6. d5 $5 exd5 7. exd5 $10) 6... Bb7 $1 7. e5 Ne4 8. Nge2 Qh4 $1 $17
9. Be3 (9. g3 Nxc5 $1) 9... Nxc5 10. Qd4 Be4 $1 {/\11...Nd3+,11...Nc6} 11. Ng3
Nc6 12. Qd2 Bg6 13. Bg5 (13. f4 Ne4 $1) 13... Qd4 14. Qxd4 Nxd4 15. Rc1 (15.
O-O-O $4 Ncb3+ 16. axb3 Nxb3#) 15... Na4 $1 $19 16. Bd2 Nxb2 17. Nce4 Bxd2+ $2
(17... Ba3 $1 $19) 18. Kxd2 Na4 19. c5 $1 {Bf1->a6} Nxc5 20. Nxc5 bxc5 21. Rxc5
Ke7 22. Kc3 $1 Nf5 (22... Nc6 23. Bb5 {/\Bxc6}) 23. Nxf5+ Bxf5 24. Ba6 Be4 25.
Kd4 Bd5 (25... Bxg2 26. Rg1 Bc6 27. Rxg7 Rag8 28. Rxg8 Rxg8 {-/+/-+}) 26. Bc4
Bxc4 27. Rxc4 Rhc8 28. Rhc1 Rxc4+ 29. Rxc4 Rb8 30. Ra4 Rb2 31. Ke3 Rb5 32. Rxa7
(32. f4 a5 $1) 32... Rxe5+ 33. Kd2 Rd5+ 34. Ke3 h5 35. a4 Kd6 36. Ra8 g5 37. a5
Kc7 38. f3 Kb7 39. Rd8 $1 $8 g4 $2 $10 {Allows White a new passed pawn.} (39...
f5 $5) (39... h4 $5) 40. fxg4 $1 hxg4 41. Kf4 f5 42. h4 $1 gxh3 43. gxh3 Rxa5
44. Rxd7+ Kc6 45. Rd1 Rd5 46. Ra1 Rd4+ 47. Kg5 Kd5 48. Rg1 (48. h4 $2 Rg4+ $1)
48... f4 49. h4 e5 $10 50. h5 Ke6 51. h6 Rd8 52. h7 Rh8 53. Kh6 f3 54. Rg8
Rxh7+ 55. Kxh7 Kf5 56. Kh6 Kf4 57. Kh5 f2 (57... e4 58. Kh4 $10 {/\Rf8+}) 58.
Rf8+ Kg3 59. Rg8+ Kf3 60. Rf8+ Kg2 61. Rg8+ Kh2 1/2-1/2

[Event "EU-chT (Men) 09th"]
[Site "Haifa"]
[Date "1989.??.??"]
[Round "9.4"]
[White "Stohl, Igor"]
[Black "Prie, Eric"]
[Result "1-0"]
[WhiteElo "2500"]
[BlackElo "2405"]
[Annotator "ChessBase"]
[PlyCount "75"]
[EventDate "1989.11.23"]
[EventType "team-swiss"]
[EventRounds "9"]
[EventCountry "ISR"]
[SourceTitle "EU-chT"]
[Source "ChessBase"]
[SourceDate "1999.07.01"]
[SourceVersion "2"]
[SourceVersionDate "1999.07.01"]
[SourceQuality "1"]
[WhiteTeam "Czechoslovakia"]
[BlackTeam "France"]
[WhiteTeamCountry "CSR"]
[BlackTeamCountry "FRA"]

1. c4 b6 2. Nc3 e6 3. d4 Bb4 (3... Bb7 4. a3 Nf6 (4... f5 $5) 5. d5 $5 {()} (5.
Nf3 {-E12})) 4. Qc2 Bb7 (4... Nf6 $6 5. e4 $16) 5. a3 Bxc3+ 6. Qxc3 f5 (6...
Nf6 {-E32}) 7. f3 Nf6 (7... d6 8. b3 $14 {/\Bb2} (8. e3 Qh4+ $5 9. g3 Qh5 10.
Bg2 Nf6 $13)) 8. e3 O-O 9. Qc2 $5 (9. Bd3 Ng4 $5 10. Ne2 Qh4+ 11. g3 (11. Ng3
$2 Nxh2 12. Kf2 Ng4+ $1 13. fxg4 fxg4+ $17) 11... Qh3 12. Nf4 Qh6 13. e4 g5 $13
{<=>}) 9... c5 (9... Nh5 10. Bd3 Qh4+ 11. Qf2 Qxf2+ 12. Kxf2 $14 {_|_}) 10. Bd3
Nc6 $6 (10... cxd4 $142 11. exd4 d5 12. c5 (12. Ne2 dxc4 13. Bxc4 Bd5 14. Bd3
Nc6 15. Be3 Rc8 $36) 12... bxc5 13. dxc5 Nc6 14. Ne2 a5 $1 $13 {/\Ba6}) 11. Ne2
Nh5 (11... cxd4 12. exd4 Rc8 13. O-O d5 14. c5 bxc5 15. dxc5 a5 16. Bd2 $36 {
/\b4}) 12. O-O Qf6 13. b3 $1 d6 (13... cxd4 14. Bb2 Ne5 (14... e5 $6 15. exd4
exd4 16. Rad1 $16 {/\Qd2,Bc2}) 15. Nxd4 $5 (15. Bxd4 Qg5 $1) 15... Nxd3 16.
Qxd3 $14 {><h5,><d7,><d6}) 14. Bb2 Qg5 15. Bc1 $6 Qf6 16. Bb2 Qg5 17. Rf2 $1 (
17. Qd2 f4 18. exf4 Nxf4 19. Nxf4 Qxf4 20. Qxf4 Rxf4 21. dxc5 bxc5 22. Be4 Na5
$10) 17... Rae8 (17... Qxe3 $2 18. Bc1 $18) 18. Rd1 Kh8 19. Qd2 {/\Bc2,b4|^<<}
Ne7 (19... e5 20. d5 Ne7 21. f4 $16) (19... f4 $6 20. exf4 Nxf4 21. Nxf4 Qxf4
22. dxc5 bxc5 23. Be4 $16) 20. Nf4 Nxf4 $2 (20... Ng6 $142 21. Nxg6+ Qxg6 22.
Bc2 $14) 21. exf4 $16 Qg6 22. dxc5 dxc5 (22... bxc5 23. b4 $36) 23. Bc2 Nc6 $8
24. Qe3 Rd8 25. Rfd2 Rxd2 26. Rxd2 $1 (26. Qxd2 Nd4 $132) 26... Rd8 27. Rxd8+
Nxd8 28. b4 $1 (28. Qe5 $2 Bxf3) (28. Qd3 Nc6 29. Qd6 Qf7 $14 {/\Qe7}) 28...
cxb4 29. axb4 h5 $6 (29... Qf7 $142 $16) (29... Nc6 30. b5 Ne7 (30... Na5 31.
Qc3 $18 {/\c5}) 31. Kf2 $18 {/\Qe5,c5}) 30. Kf2 (30. Qd4 $1 Nf7 (30... Nc6 31.
Qd6) 31. Kf2 Bc6 32. b5 Be8 33. Bd3 $18 {><g6,/\c5}) 30... Qf7 31. c5 Qe7 (
31... bxc5 32. Qxc5 a6 (32... Bd5 33. b5 $18 {/\Bd4}) 33. Qd6 Nc6 34. Bb3 $18)
(31... Qd7 32. cxb6 axb6 33. Qxb6 $1 Qd2+ 34. Kg3 Qxc2 35. Qxd8+ Kh7 36. Bxg7
$18) (31... Qc7 32. Be5 Qc8 33. Qd4 $18) (31... Nc6 32. b5 Nb4 33. c6 $1 Nxc2
34. cxb7 Qxb7 35. Qc3 $18) 32. cxb6 Qxb4 33. Qe5 $18 Qe7 (33... Qxb6+ 34. Bd4)
34. bxa7 Nc6 35. Qe3 (35. Qb8+ $6 Kh7 36. a8=Q Bxa8 37. Qxa8 Qc5+) 35... Ba8
36. Bb3 Qb7 $138 (36... Qxa7 37. Qxa7 Nxa7 38. Bxe6 $18) 37. Qxe6 Qxa7+ 38. Kg3
{/\Qg8#,Qh6#} 1-0

[Event "ESP-chT Honor Gp1 49th"]
[Site "Merida"]
[Date "2005.08.25"]
[Round "2"]
[White "Cifuentes Parada, Roberto"]
[Black "Lacasa Diaz, Jose Antonio"]
[Result "1/2-1/2"]
[WhiteElo "2512"]
[BlackElo "2420"]
[Annotator "Cifuentes Parada,L"]
[PlyCount "39"]
[EventDate "2005.08.24"]
[EventType "team"]
[EventRounds "5"]
[EventCountry "ESP"]
[SourceTitle "CBM 109"]
[Source "ChessBase"]
[SourceDate "2005.11.14"]
[SourceVersion "1"]
[SourceVersionDate "2005.11.14"]
[SourceQuality "1"]

1. Nf3 c5 2. c4 g6 3. e4 Bg7 4. d4 d6 5. Nc3 (5. Be2) 5... Qa5 6. Rb1 {! V.
Kramnik} Bg4 (6... cxd4 7. Nxd4 Nc6 8. Be3 Nf6 9. Nb3 $1 Qd8 10. Be2 O-O 11.
O-O b6 12. f3 Nd7 13. Qd2 Nc5 14. Na1 $5 a5 15. Nc2 Kh8 16. b3 f5 17. exf5 gxf5
18. f4 Bb7 19. a3 Ne4 20. Nxe4 fxe4 21. Rbd1 Qc7 22. Bg4 $1 Rab8 23. a4 $16 Ba8
24. Be6 Nd8 25. Nd4 Nc6 26. Nxc6 Bxc6 27. Bd5 Rf5 28. Be6 Rff8 29. Bd5 Rf5 30.
g4 $1 Rff8 31. Bxc6 Qxc6 32. Qd5 Rbc8 33. Qxc6 Rxc6 34. f5 Be5 35. Kg2 Kg7 36.
Rfe1 h5 37. h3 hxg4 38. hxg4 Rh8 39. Bg1 Kf6 40. Rxe4 Rcc8 41. Rd3 Rcg8 42. Rh3
Rxh3 43. Kxh3 Rb8 44. Bf2 e6 45. Bh4+ Kf7 46. Re3 exf5 47. gxf5 Rh8 48. Kg4
Rg8+ 49. Kf3 Rh8 50. Kg4 Rg8+ 51. Kf3 Rh8 52. Re4 Bf6 53. Bxf6 Kxf6 54. Kg4 Kf7
55. Re6 Rd8 56. Kf4 d5 57. cxd5 Rxd5 58. Rxb6 Rd3 59. Ke5 Re3+ 60. Kd4 Rf3 61.
Rb5 Ke7 62. Kc4 Rf4+ 63. Kc3 Rf3+ 64. Kb2 {1-0 Serper,G-Ruban,V/Novosibirsk
1993/CBM 036}) (6... Nc6 7. d5 Nd4 8. Nxd4 cxd4 9. b4 $1) 7. d5 Bxc3+ $5 $146 (
7... Nd7 8. Bd2 Ne5 9. Be2 Nxf3+ (9... Bxf3 10. gxf3 Nf6 11. Qb3 Qc7 12. Nb5
Qb8 13. f4 Ned7 14. Qe3 O-O 15. h4 a6 16. Nc3 Re8 17. h5 e6 18. hxg6 fxg6 19.
dxe6 Rxe6 20. Qh3 Nf8 21. f5 $16 Re8 22. fxg6 hxg6 23. Qg2 Qc7 24. Kf1 Qf7 25.
Kg1 Ne6 26. Rh3 Nd4 27. Bd3 Nh5 28. Nd5 Re6 29. Kh1 Rf8 30. f4 b5 31. Rg1 b4
32. Qg4 Nf6 33. Qh4 Rb8 34. f5 gxf5 35. Qh8# {1-0 Tratar,M (2452)-Belotelov,D 
(2291)/Pula 2004/CBM 100 ext}) 10. Bxf3 Bxf3 11. Qxf3 Nf6 12. O-O O-O 13. Qd3
$5 Nd7 14. f4 Rae8 15. e5 $1 dxe5 16. f5 a6 17. Ne4 Qc7 18. fxg6 $1 hxg6 19.
Ng5 {/\Qh3} Nf6 20. Rbe1 $44) 8. bxc3 Nf6 $1 (8... b6 $6 9. Rb3 $1 Qa6 (9...
Qa4 10. Qd3) 10. Ra3 Qc8 11. h3 Bxf3 12. Qxf3 $16) 9. Rxb7 $2 (9. Qc2 $1 {
B.Gelfand} Nxe4 10. Rxb7 (10. Qxe4 $2 Bf5) 10... Nf6 (10... Bxf3 $2 11. gxf3
Nf6 12. Bg5 Nbd7 13. Bh3 Qa6 14. Qb1 $1 {/\Bxf6} (14. Qb3 Nb6) 14... Nb6 15.
Bxf6 Qxb7 (15... exf6 $2 16. Qe4+) 16. Qb5+ Kf8 17. Bxh8 Kg8 18. Bd4 cxd4 19.
cxd4 Qc7 20. Qc6 $16) 11. Bd3 Nbd7 12. Bh6 $13) 9... Nbd7 (9... Nxe4 $6 10. Bd3
Qxc3+ 11. Kf1 Bf5 12. Ne1 $1 {/\Bb2} f6 13. Bb2 Qd2 14. Qxd2 Nxd2+ 15. Ke2 $16)
10. Qc2 Bxf3 $2 (10... Nb6 $1 11. Bg5 (11. e5 Nfd7 $1 12. exd6 exd6 13. Qe4+
Ne5 $1 14. Be2 (14. Nxe5 $2 Qxc3+ 15. Bd2 Qa1+) 14... Qxc3+ 15. Bd2 Qa1+ 16.
Bd1 Bxf3 17. gxf3 Qxa2 $19) 11... Nfd7 (11... Bc8 $2 12. Rxe7+ $1 Kxe7 13. e5
dxe5 14. Nxe5 Bb7 15. Qd2 Nbd7 16. Nxd7 Kxd7 17. Bxf6 Rhe8+ 18. Be2 $44) 12.
Nd2 h6 $1 13. Be3 O-O-O $17) 11. gxf3 Nb6 12. Bg5 Nfd7 13. Bh3 Qa6 (13... f6
14. Bxd7+ Nxd7 15. Rb5 Qa6 16. Bf4 $13) (13... O-O-O $2 14. Rxb6 axb6 15. Bxe7
Rde8 16. Bxd6 $16) 14. Bxd7+ Nxd7 15. Rb5 ({Si} 15. Qb3 $6 f6 16. Be3 Nb6 17.
Qb5+ $2 Qxb5 18. cxb5 Kd8 19. a4 Nc4 $1 {/\Na5}) 15... Ne5 16. Qe2 $8 ({Contra
} 16. f4 Nxc4 {y si ahora} 17. Qb3 {el negro tiene la sorprendente réplica} Na3
$1 {que le da ventaja, por ejemplo:} 18. Rb8+ (18. Rb7 f6 19. Bh6 Nc2+ 20. Kd2
Nb4) 18... Rxb8 $1 19. Qxb8+ Kd7 20. Qb2 $8 ({Erróneo es} 20. Qxh8 $2 Qd3 $1
21. f3 $8 Qe3+ 22. Kd1 Nc4 $1 23. Kc2 Qe2+ 24. Kb3 Na5+ $1 25. Ka3 Qb5 $19)
20... Nc4 $17) 16... Qa4 17. O-O (17. Rb7 f6 18. f4 Nxc4 19. Bh6 Nb6 $11 (19...
Qa6 $6 20. Rb3 Kf7 21. O-O $14)) 17... f6 18. Bf4 Qxc4 19. Qxc4 Nxc4 20. Rfb1 {
1/2-1/2 Cifuentes Parada,R-Lacasa Diaz,Jose/ESP-chT Honor 2005} 1/2-1/2